Lý thuyết phương trình vi phân, đạo hàm riêng
Guardat en:
| Autor principal: | |
|---|---|
| Format: | Llibre |
| Idioma: | Undetermined |
| Publicat: |
Hà Nội
Đại học Quốc gia Hà Nội
2005
|
| Matèries: | |
| Etiquetes: |
Afegir etiqueta
Sense etiquetes, Sigues el primer a etiquetar aquest registre!
|
| Thư viện lưu trữ: | Trung tâm Học liệu Trường Đại học Cần Thơ |
|---|
| LEADER | 00600nam a2200193Ia 4500 | ||
|---|---|---|---|
| 001 | CTU_104103 | ||
| 008 | 210402s9999 xx 000 0 und d | ||
| 020 | |c 52000 | ||
| 082 | |a 515.35 | ||
| 082 | |b V121 | ||
| 100 | |a Trần, Đức Vân | ||
| 245 | 0 | |a Lý thuyết phương trình vi phân, đạo hàm riêng | |
| 245 | 0 | |c Trần Đức Vân | |
| 260 | |a Hà Nội | ||
| 260 | |b Đại học Quốc gia Hà Nội | ||
| 260 | |c 2005 | ||
| 650 | |a Differential equations,Functional analysis | ||
| 904 | |i Minh | ||
| 980 | |a Trung tâm Học liệu Trường Đại học Cần Thơ | ||